Leonor de Portugal, reina de Aragón (1347-1348) / Maria de las Mercedes Costa Paretas
Descripción Física:
11 p. ; 23 cm
Materias:
Leonor de Portugal -- Biografia
MARC
| LEADER | 00000nam a2200000Ia 4500 | ||
|---|---|---|---|
| 001 | 17564 | ||
| 008 | 160829s1965 xx 000 0 cat d | ||
| 080 | |a FU-2-34 | ||
| 100 | |a Costa i Paretas, Maria Mercè |9 20482 | ||
| 245 | |a Leonor de Portugal, reina de Aragón (1347-1348) / Maria de las Mercedes Costa Paretas | ||
| 260 | |a Braga : |b [s.n.], |c 1965 | ||
| 300 | |a 11 p. ; |c 23 cm | ||
| 590 | |a Separata de Bracara Augusta, vol. XVIII-XIX, núm. 41-42 (53-54). | ||
| 590 | |a Congreso Histórico de Portugal Medievo, Braga, 1959. | ||
| 590 | |a Prové de S-19, exp. 1 del currículum per la plaça d'arxiver de la Corporació, 1966 | ||
| 650 | |a Leonor de Portugal |x Biografia |9 46608 | ||
| 901 | |a Arxiu | ||
| 942 | |n 1 | ||
| 952 | |0 0 |1 0 |4 0 |6 FU234 |7 1 |9 53312 |a Arxiu |b Arxiu |d 2016-12-01 |l 0 |o FU-2-34 |p 17564 |r 2016-12-01 00:00:00 |w 2016-12-01 |y ARXIU | ||
| 999 | |c 57176 |d 57176 | ||